Loading...
| Fine Arts - Other | 0 | 3 | 0 | 1 | 30 | 43 | 90.00 | 1 | 2 | 8.52 | 19.55 |
| Fine Arts - Classical Music | 0 | 3 | 0 | 1 | 30 | 60 | 89.67 | 0 | 1 | 5.87 | 15.23 |
| History - American | 0 | 2 | 0 | 1 | 20 | 58 | 92.00 | 0 | 1 | 5.03 | 8.86 |
| Other Academic | 0 | 2 | 0 | 1 | 20 | 45 | 90.00 | 1 | 1 | 20.51 | 36.67 |
| Fine Arts - Painting and Sculpture | 0 | 2 | 0 | 0 | 20 | 90 | 92.50 | 0 | 1 | 4.08 | 13.18 |
| Science - Other | 0 | 2 | 0 | 0 | 20 | 77 | 79.50 | 1 | 2 | 5.69 | 16.36 |
| History - European | 0 | 1 | 0 | 0 | 10 | 69 | 69.00 | 0 | 1 | 3.99 | 5.68 |
| Philosophy | 0 | 1 | 0 | 0 | 10 | 82 | 82.00 | 0 | 1 | 2.61 | 5.45 |
| Science - Biology | 0 | 1 | 0 | 0 | 10 | 79 | 79.00 | 0 | 0 | 2.44 | 4.55 |
| Science - Chemistry | 0 | 1 | 0 | 0 | 10 | 100 | 100.00 | 0 | 0 | 1.32 | 5.45 |
| Mythology | 0 | 1 | 0 | 0 | 10 | 105 | 105.00 | 0 | 0 | 2.22 | 3.64 |
| Science - Physics | 0 | 0 | 1 | 0 | -5 | 0.00 | 0 | 0 | 0.00 | 0.00 |